1825 1568 1854 1748 1994 1972 1713 1938 1469 1996 1100 1827 1339 1036 1467 1124 1870 1266 1313 1316 1341 1182 1547 1784 1869 1843 1432 1445 1733 1134 1339 1492 1951 1933 1773 1570 1537 1167 1873 1100 1732 1710 1613 1935 1637 1546 1327 1185 1796 1542 1367 1681 1866 1989 1800 1479 1031 1695 1344 1991 1699 1958 1573 1304 1261 1937 1960 1532 1465 1563 1608 1795 1231 1285 1119 1557 1812 1844 1658 1753 1995 1547 1306 1779 1598 1035 1383 1847 1320 1189 1406 1257 1261 1602 1249 1838 1044 1198 1462 BCNSPRNW ULIB Ver.6.0+V

เปลี่ยนเป็นภาษาไทย

Change to English
 แสดงรายละเอียดบรรณานุกรม
  กลับหน้าหลัก

Brief Record : Get Marc (ISO 2709) : E-mail record : QR code < ปิดหน้าต่าง
LEADER : 00000nam 2200000uu 4500
001    13399123072
003     ULIB
008    140107s2011||||th 000 0 eng d
020    ^a9780323069120 (hardcover : alk. paper)
060    ^aWY159^bW837
245 00 ^aWong's nursing care of infants and children /^c[edited by] Marilyn J. Hockenberry, David Wilson.
246 13 ^aNursing care of infants and children
250    ^a9th ed.
260    ^aSt. Louis, Mo. :^bMosby/Elsevier,^cc2011.
300    ^axxix, 1809 p. :^bill. (chiefly col.) ;^c29 cm.
504    ^aIncludes bibliographical references and index.
650  0 ^aPediatric nursing.
700 1  ^aHockenberry, Marilyn J.
700 1  ^aWilson, David,^d1950 Aug. 25-
700 1  ^aWong, Donna L.,^d1948-2008.
945    ^p2656^l0^i034263
999    ^aเกษร โพธิ์สุวรรณ
รายการนี้ยังไม่มีแท็ก
คุณยังไม่ได้ล็อกอิน คุณสามารถมีกิจกรรมร่วมกับเว็บไซต์ได้ แต่ต้องล็อกอินก่อน ::
  ล็อกอิน

รายการสื่อสารสนเทศ

ลำดับที่ ประเภท เลขเรียก/บาร์โค้ด สถานที่ สถานะ
1. Book การพยาบาล
Book การพยาบาล
WY159 W837  
  Barcode: 034263
ห้องสมุดวิทยาเขตสวรรค์ประชารักษ์
►หนังสือทั่วไป
บนชั้น

รายการใกล้เคียง
    หัวเรื่อง [Pediatric nursing.]

BibComment


ยังไม่เคยถูกคอมเมนท์

คอมเมนท์ทรัพยากรรายการนี้
  คอมเมนท์: Wongs nursing ca..


 Copyright 2026. Bcnsprnw @Library